Sivas katliamı ve gerçekler (Kayıt no. 6469)

MARC ayrıntıları
000 -BAŞLIK
Sabit Uzunlukta Kontrol Alanı 00938na a2200289 4500
001 - KONTROL NUMARASI
Denetim Alanı 19498
003 - KONTROL NUMARASI IDENTIFIER
Denetim Alanı MIRAKIL
005 - SON İŞLEM TARİHİ VE ZAMANI
Denetim Alanı 20181213155108.0
008 - SABİT-BOY VERİ ELEMANLARI - GENEL BİLGİLER
Sabit Uzunlukta Kontrol Alanı 161215b tu 000 0
035 ## - SİSTEM KONTROL NUMARASI
Sistem Kontrol Numarası 19498
040 ## - KATALOGLAMA KAYNAK
Orijinal Kataloglama Ajansı Milas
Kataloglama Dili tur
Metne Dönüştürmek Ajansı TR-AnCHP
041 ## - DİL KODU
Metin / Ses Parça Veya Ayrı Başlığın Dil Kodu tur
082 ## - DEWEY ONLU SINIFLANDIRMA NUMARASI
Sınıflandırma Numarası CHP 364.131
Ürün Numarası S58 [1993]
090 ## - SINIFLAMA NUMARASI
Sınıflama Numarası CHP 364.131 S58 [1993]
245 ## - BAŞLIK TABLOSU
Başlık Sivas katliamı ve gerçekler
Sorumluluk Tablosu, Vb hazırlayan CHP
260 ## - YAYIN, DAĞITIM, VB
Yayın, Dağıtım, Vb Yeri Ankara
Yayıncı, Dağıtıcı, Vs Adı CHP
Yayın, Dağıtım, Vb Tarihi [1993]
300 ## - FİZİKSEL TANIM
Kapsam 78 s.
Boyutlar 19 sm.
440 ## - SERİSİ TABLOSU / KATMA GİRİŞİ - BAŞLIK
Başlık Cumhuriyet Halk Partisi yayınları
505 ## - BİÇİMLENDİRİLDİ İÇİNDEKİLER NOT
Biçimlendirilmiş İçeriği Dikkat Sivas katliamı ve hükümet - Sivas katliamı ve CHP - Basında Sivas katliamı - CHP Sivas İl Örgütü raporu
610 ## - KONU KATMA GİRİŞ - TOPLANTI ADI
Giriş Elemanı Olarak Kurumsal Ad Veya Yargı Alanı Adı CHP
Genel Alt Bölüm Sivas Katliamı, 1993
650 ## - KONU KATMA GİRİŞ - TOPİKAL DÖNEM
Topikal Süreli Veya Coğrafi Ad Giriş Elemanı Siyasal suçlar
Genel Alt Bölümü Sivas Katliamı, 1993
Coğrafi Alt Bölümü Türkiye
650 ## - KONU KATMA GİRİŞ - TOPİKAL DÖNEM
Topikal Süreli Veya Coğrafi Ad Giriş Elemanı İslam ve siyaset
Coğrafi Alt Bölümü Türkiye
650 ## - KONU KATMA GİRİŞ - TOPİKAL DÖNEM
Topikal Süreli Veya Coğrafi Ad Giriş Elemanı Madımak Oteli
Genel Alt Bölümü Tarih
651 ## - KONU KATMA GİRİŞ - COĞRAFİ ADI
Coğrafi İsim Sivas
Genel Alt Bölümü Toplumsal olaylar
Kronolojik Alt Bölümü Tarih
830 ## - SERİSİ EKLENDİ GİRİŞ - ÜNİFORM ADI
Üniforma Başlık CHP yayınları
942 ## - EKLENDİ GİRİŞ ELEMANLARI (KOHA)
Sınıflandırma Veya Raf Düzeni Kaynak Dewey Decimal Classification
Koha Öğesi Türü Kitaplar
999 ## - SİSTEM KONTROL NUMARALARI (KOHA)
Koha Biblionumber 6469
Koha Biblioitemnumber 6469
Mevcut
Kalıcı Konum Mevcut Konum Edinme Tarihi Edinim Kaynak Toplam Check-Out'Lar Tam Çağrı Numarası Barkod Tarih Son Görülme İtibaren Geçerli Fiyatlar Koha Öğesi Türü Kopya Sayısı
CHP Kütüphanesi CHP Kütüphanesi 12/15/2016 Bağış   CHP 364.131 S58 [1993] 011151 12/15/2016 12/15/2016 Kitaplar  
CHP Kütüphanesi CHP Kütüphanesi 12/15/2016 Bağış   CHP 364.131 S58 [1993] 011152 12/15/2016 12/15/2016 Kitaplar k.2